Online Public Access Catalogue

Text Book Of Medicine (Record no. 12943)

MARC details
000 -LEADER
fixed length control field 00390nam a22001577a 4500
020 ## - INTERNATIONAL STANDARD BOOK NUMBER
International Standard Book Number 0721616607
082 ## - DEWEY DECIMAL CLASSIFICATION NUMBER
Classification number 616
Author Mark BEE
100 ## - MAIN ENTRY--PERSONAL NAME
Author Name Paul B Beeson
245 ## - TITLE STATEMENT
Title Text Book Of Medicine
250 ## - EDITION STATEMENT
Edition statement 14
260 ## - PUBLICATION, DISTRIBUTION, ETC.
Place of publication, distribution, etc. London
Name of publisher, distributor, etc. W.B Saunders Company
Date of publication, distribution, etc. 1975
300 ## - PHYSICAL DESCRIPTION
No of Pages 1892 p
illustrations Images
Dimensions 27 cm
504 ## - BIBLIOGRAPHY, ETC. NOTE
Bibliography, Index, etc. note Include Index
650 ## - SUBJECT ADDED ENTRY--TOPICAL TERM
Subject Book Bank
Keywords Unproved
-- Microbial
-- IMDC
942 ## - ADDED ENTRY ELEMENTS (KOHA)
Source of classification or shelving scheme
Koha item type Books
952 ## - LOCATION AND ITEM INFORMATION (KOHA)
-- 2023-02-28
Holdings
Item status Home library Current library Shelving location Date acquired Source of acquisition Total Checkouts Full call number Barcode Date last seen Koha item type
  Islamabad Medical and Dental College Islamabad Medical and Dental College Islamabad Medical and Dental College 28/02/2023 Donated   616 BEE G-679 28/02/2023 Books

Copyright @ IMDC Library
Islamabad Medical and Dental College
Bhara Kahu, Islamabad

  Contact the Librarian, IMDC
  Email:: library@imdcollege.edu.pk

  OPAC Customized by
  Mazhar Hussain,
  Librarian:
  Islamabad Medical and Dental College
  Email:: library@imdcollege.edu.pk